| 000 | 00521nam a2200169 i 4500 | ||
|---|---|---|---|
| 001 | 135019 | ||
| 003 | ES-MaACL | ||
| 005 | 20230906194806.0 | ||
| 007 | t| | ||
| 008 | 070705s1936 sp ||||1| cat d | ||
| 100 | 1 |
_aThomàs Sabater, Joan Maria. _9110056 |
|
| 245 | 1 | 0 |
_aCampanes sobre el mar _b: estudi coral / _cJuan María Thomas. |
| 260 |
_aPalma de Mallorca : _bCapella Classica, _c[1936] |
||
| 300 |
_a16 p. ; _c22 cm. |
||
| 710 | 0 | 0 |
_aCapella Clàssica (Mallorca) _92432 |
| 852 |
_aES-MaACL _j2061-F-29 _bR.60558 |
||
| 999 |
_c135019 _d135019 |
||